Top 79 Biggest Cities in Delaware - Statistics

General Stats
  • This quiz has been taken 570 times
    153 since last reset
  • The average score is 25 of 79
Answer Stats
# City Population % Correct
2 Dover 39,403
100%
1 Wilmington 70,898
98%
3 Newark 30,601
86%
4 Middletown 23,192
74%
50 Rehoboth Beach 1,108
71%
9 Smyrna 12,883
69%
17 Georgetown 7,134
62%
11 Milford 11,190
62%
21 New Castle 5,551
62%
5 Bear 23,060
60%
28 Lewes 3,303
58%
15 Seaford 7,957
58%
43 Delaware City 1,885
54%
53 Bethany Beach 954
48%
29 Milton 3,291
46%
26 Camden 3,715
45%
8 Hockessin 13,478
42%
40 Delmar 2,027
40%
6 Glasgow 15,288
40%
62 Odessa 366
40%
12 Claymont 9,895
38%
24 Laurel 3,865
38%
18 Millsboro 6,863
38%
63 Dewey Beach 353
37%
20 Elsmere 6,229
37%
25 Harrington 3,774
35%
16 Pike Creek 7,808
35%
41 Saint Georges 1,957
35%
34 Townsend 2,717
35%
23 Clayton 3,961
34%
64 Fenwick Island 343
34%
47 Felton 1,316
32%
32 Selbyville 2,878
32%
30 Greenville 3,104
31%
70 Slaughter Beach 218
31%
45 Wyoming 1,680
31%
51 Frederica 1,073
29%
35 Ocean View 2,636
28%
37 Bridgeville 2,568
26%
56 Dagsboro 870
26%
60 Arden 430
25%
65 Bowers 278
25%
54 Newport 910
25%
14 North Star 8,056
25%
59 South Bethany 451
25%
7 Brookside 14,974
23%
13 Wilmington Manor 8,162
23%
48 Bellefonte 1,225
22%
78 Farmington 92
22%
61 Houston 381
22%
67 Ardentown 255
20%
49 Blades 1,179
20%
42 Cheswold 1,923
20%
33 Dover AFB 2,810
20%
22 Rising Sun-Lebanon 4,104
20%
52 Greenwood 990
18%
77 Henlopen Acres 139
18%
31 Long Neck 3,017
18%
66 Magnolia 277
18%
44 Millville 1,825
18%
10 Pike Creek Valley 11,692
18%
38 Riverview 2,458
18%
69 Ardencroft 226
17%
19 Edgemoor 6,635
17%
71 Kenton 215
17%
58 Ellendale 487
15%
73 Woodside 190
15%
68 Bethel 239
14%
79 Hartly 73
14%
27 Highland Acres 3,492
14%
74 Leipsic 178
14%
76 Viola 140
12%
39 Kent Acres 2,144
11%
57 Frankford 790
8%
72 Little Creek 195
8%
55 Lincoln 894
6%
75 Port Penn 162
6%
46 Rodney Village 1,489
6%
36 Woodside East 2,570
6%
No matching quizzes found
Score Distribution
Percent of People with Each Score
Percentile by Number Answered
Your Score History
You have not taken this quiz since the last reset